The Office Pranks Quiz Stats

 Plays Quiz Updated Jun 12, 2018

Score 0/40 Timer 10:00
53 Plays Today
Clue Answer % Correct
Puts Dwight's stapler in this substance.Jell-O
97.2%
Moves Dwight's desk here.Men's Room
79.6%
Convinces Dwight it is this day, causing him to miss work the next day.Friday
78.6%
Puts Dwight's belongings in one of these, forcing him to buy them back.Vending Machine
74.8%
In an interview, tries to convince Dwight that Dwight has used this substance.Marijuana
70%
Hides Andy's cell phone here before calling it repeatedly.The Ceiling
69.9%
With Pam, posts this document online on Dwight's behalf, but does not include 'Martial Arts Training.'Résumé
67.9%
Gives Andy bad tips on how to woo this person.Pam
67%
Sends faxes to Dwight allegedly from this person.Future Dwight
66.4%
Convinces Dwight to hide in this to eavesdrop on a rival alliance.Box
62.6%
In the same prank, makes Dwight destroy this item after convincing him the mission has been compromised.His Cell Phone
61.6%
Dresses up as Dwight and debates which of these is best.Bears
61.3%
Moves Dwight's desk incrementally closer to this machine.Copier
60.7%
Trains Dwight to expect one of these whenever he hears a chime.Altoids Mint
60.5%
Repeats the prank from 'Pilot' on this new victim.Andy
60.3%
While tape recording a meeting, declares Dwight is threatening Stanley with this.Plastic Knife
60.2%
Convinces Dwight that Jim is turning into this.Vampire
59%
Joins Pam in 'recruiting' Dwight for this agency.CIA
59%
Sends Dwight this device after telling him it is sold out at Sharper Image.Gaydar
57.9%
Uses this device to prove that Dwight 'steals' company time.Stopwatch
54.1%
Clue Answer % Correct
Adds these to Dwight's phone handset one at a time, then removes them, causing Dwight to hit himself in the head.Nickels
54%
Replaces Dwight's desk and chair with substitutes covered in this.Wrapping Paper
53.3%
Discovers a listening device in this gift from Dwight and uses it to pull various pranks.Wooden Mallard
52.8%
Wears this outfit to comply with Dwight's dress code memo.Tuxedo
49.4%
Convinces Dwight that this impersonator is the real thing.Ben Franklin
47%
Takes Dwight's calls by linking Dwight's cell phone to this device.Jim's Bluetooth Headset
46.7%
Tells Dwight the flasher is in this location in the women's room.Above the Sink
46.6%
Convinces Dwight to keep this type of person out of the wedding.Wedding Crasher
43.1%
Helps Dwight with his speech by giving him examples from leaders such as this person.Mussolini
41%
With Pam's help, demonstrates this superpower, to Dwight's astonishment.Telekinesis
35.3%
Alters Dwight's ID badge to label him as this.Security Threat
35.1%
Causes Dwight to fold in poker by pretending this action is his 'tell.'Coughing
34.8%
Links Dwight's computer with a red wire to this.Telephone Pole
32.2%
Pays his coworkers to call Dwight this name for a day.Dwayne
31.4%
Replaces Dwight's pens and pencils with these.Crayons
29.7%
Puts this in Dwight's office drawer to convince Dwight he has killed someone.Bloody Glove
24.6%
With Pam, convinces Dwight that this entity has become sentient.Dunder-Mifflin Infinity Website
21.7%
Uses a macro to replace 'Dwight' with this word in his documents.Diapers
15.9%
Tells Dwight one of these is in the Women's Room.Abandoned Infant
14.8%
Helps Pam invent such diseases as this one, where 'your teeth turn to liquid and then drip down the back of your throat.'Spontaneous Dental Hydroplosion
10.8%

You're not logged in!

Compare scores with friends on all Sporcle quizzes.
OR
Log In

Sporcle TV

Today on Sporcle TV


Watch our educational content, quiz creation guides, and fun videos on Sporcle TV.

Show Comments

Extras

Top Quizzes Today


Score Distribution

Your Account Isn't Verified!

In order to create a playlist on Sporcle, you need to verify the email address you used during registration. Go to your Sporcle Settings to finish the process.

Report this User

Report this user for behavior that violates our Community Guidelines.

Details: